Entre marcianitos y avatares : adicción y factores de riesgo para la juventud en un mundo digital (Record no. 149548)

MARC details
000 -CABECERA
campo de control de longitud fija 00618nab a2200217 a 4500
005 - FECHA Y HORA DE LA ÚLTIMA TRANSACCIÓN
campo de control 20210219161033.0
008 - ELEMENTOS DE LONGITUD FIJA--INFORMACIÓN GENERAL
campo de control de longitud fija 991125s1985 mx 000 0 spa u
035 ## - NÚMERO DE CONTROL DEL SISTEMA
Número de control de sistema UPN01000177445
100 1# - ASIENTO PRINCIPAL--NOMBRE PERSONAL
Nombre de persona Beranuy, Marta
222 ## - TÍTULO CLAVE
Título clave REVISTA DE ESTUDIOS DE JUVENTUD
245 ## - MENCIÓN DE TÍTULO
Título Entre marcianitos y avatares : adicción y factores de riesgo para la juventud en un mundo digital
260 ## - PUBLICACIÓN, DISTRIBUCIÓN, ETC.
Lugar de publicación, distribución, etc. España
300 ## - DESCRIPCIÓN FÍSICA
Extensión 131-145
362 0# - FECHAS DE PUBLICACIÓN Y/O DESIGNACIÓN SECUENCIAL
Fecha de publicación y/o designación secuencial 2010 No. 88, mar.
653 0# - TERMINO DE INDIZACION - NO CONTROLADO
Término no controlado ADICCION A INTERNET
653 0# - TERMINO DE INDIZACION - NO CONTROLADO
Término no controlado JOVENES
653 0# - TERMINO DE INDIZACION - NO CONTROLADO
Término no controlado ADOLESCENTES
700 1# - ASIENTO SECUNDARIO--NOMBRE DE PERSONAL
Nombre de persona Carbonell, Xavier,
700 1# - ASIENTO SECUNDARIO--NOMBRE DE PERSONAL
Término indicativo de función/relación coaut.
905 ## - TIPO DE MATERIAL
Tipo de material Articulo

No items available.